Statistics for Avengers: Infinity War-Endgame A-Z

Click here to take the quiz!

General Stats

  • This quiz has been taken 55 times
  • The average score is 16 of 26

Answer Stats

Avengers: EndgameAnswer% Correct
D: Actor- Benedict Cumberbatch. Real Name- Stephen StrangeDoctor Strange
92%
C: Actor- Chris Evans. Real Name- Steve RogersCaptain America
90%
A: Actor- Paul Rudd. Real Name- Scott LangAnt Man
88%
I: Actor- Robert Downey Jr. Real Name- Tony StarkIron Man
88%
H: Actor- Jeremy Renner. Real Name- Clint BartonHawkeye
86%
F: Actor- Anthony Mackie. Real Name- Sam WilsonFalcon
84%
G: (Voice) Actor- Vin DieselGroot
84%
B: Actress- Scarlett Johansson. Real Name- Natasha RomanoffBlack Widow
82%
L: Actor- Tom HiddlestoneLoki
80%
N: Actor- Samuel L JacksonNick Fury
80%
U: A quote: "I love _ 3000U/You
80%
W: Actor- Don Cheadle. Real Name- James RhodesWar Machine
80%
S: Actress- Elizabeth Olsen. Real Name- Wanda MaximoffScarlet Witch
69%
J: War Machine real nameJames Rhodes
67%
P: Actress- Gwyneth PaltrowPepper Potts
67%
V: Actress- Tessa Thompson. Alter-ego- BrunhildeValkyrie
67%
T: Actor- Josh BrolinThanos
65%
M: Actress- Pom KlementieffMantis
63%
O: Actress- Danai GuriraOkoye
51%
X: From last letter to first(backwards), who is the character that thinks he's invisibleXard
41%
E: Actor- Tom Vaughan-LawlorEbony Maw
37%
R: Actor- Ross MarquandRed Skull
16%
Q: Starlord, Gamora, Nebula, and Rocket Raccoon only would be called a? Q_ _ _Quad
12%
Y: Spiderman takes a feat on the Avengers by being thisYoungest
6%
Z: Actress of GamoraZoe Seldana
6%
K: A group that has evolved with Asgardians for some timeKronans
0%

Score Distribution

Percentile by Number Answered

Percent of People with Each Score

Your Score History

You have not taken this quiz